| 000 | 00731nam a2200193 a 4500 | ||
|---|---|---|---|
| 008 | 101027s2009 ||||||||||||||||| || u | ||
| 020 | _a9781847663030 | ||
| 050 | _aHG 1615 Tur | ||
| 100 | _aTuring, Dermot | ||
| 245 | 1 | 0 |
_aManaging risk in financial firms: the practicalities without the maths. -- 2nd ed. _cby Dermot Turing and Elizabeth Cramb |
| 250 | _a2nd ed. | ||
| 260 |
_aWest Sussex _bTottel Publishing _c2009 |
||
| 300 | _axi, 324p.: ill. | ||
| 350 | _a0.00 | ||
| 650 | 0 | _aMANAGEMENT | |
| 650 | 0 | _aRISK MANAGEMENT | |
| 700 | _aCramb, Elizabeth | ||
| 995 |
_D0.00 _FCBU-MAIN LIBRARY (Kitwe) _H1 _I0.00 _M1 _UAVAILABLE _WJan 5, 2011 _ZMain Library Open Access Collection |
||
| 999 |
_c50213 _d50213 |
||